1013 1857 1505 1224 1134 1492 1287 1252 1161 1380 1728 1398 1270 1890 1438 1697 1850 1265 1839 1347 1720 1970 1648 1130 1966 1040 1330 1920 1122 1176 1709 1012 1427 1913 1767 1238 1099 1494 1430 1556 1133 1089 1035 1063 1817 1718 1113 1084 1007 1806 1257 1261 1252 1103 1378 1078 1256 1976 1176 1448 1279 1519 1897 1932 1601 1678 1782 1214 1694 1718 1978 1585 1965 1525 1600 1135 1139 1270 1258 1940 1941 1717 1557 1757 1249 1323 1270 1461 1468 1376 1959 1946 1165 1133 1419 1282 1692 1080 1931 BCNSPRNW ULIB Ver.6.0+V

เปลี่ยนเป็นภาษาไทย

Change to English
 แสดงรายละเอียดบรรณานุกรม
  กลับหน้าหลัก

Brief Record : Get Marc (ISO 2709) : E-mail record : QR code < ปิดหน้าต่าง
LEADER : 00000nam 2200000uu 4500
001    13399110960
003     ULIB
008    110614s||||||||th 000 0 tha d
020    974707348X
020    9789747073485
050  4 AC159^bอ329ก 2550
100 0  อรปรียา หุ่นศาสตร์
245 10 กินดี อยู่ดี แบบอรปรียา /^cอรปรียา หุ่นศาสตร์
260    กรุงเทพฯ :^bใส่ใจ,^c[2550]
300    160 หน้า :^bภาพประกอบ ;^c21 ซม.
600 07 อรปรียา หุ่นศาสตร์^xผลงาน
650  7 รวมเรื่อง
945    ^p165^l0^i021748
995    ทศพร
999 ^a ใช้งานได้ทุกระบบ
รายการนี้ยังไม่มีแท็ก
คุณยังไม่ได้ล็อกอิน คุณสามารถมีกิจกรรมร่วมกับเว็บไซต์ได้ แต่ต้องล็อกอินก่อน ::
  ล็อกอิน

รายการสื่อสารสนเทศ

ลำดับที่ ประเภท เลขเรียก/บาร์โค้ด สถานที่ สถานะ
- ไม่พบข้อมูล -

รายการใกล้เคียง
    หัวเรื่อง [รวมเรื่อง]

BibComment


ยังไม่เคยถูกคอมเมนท์

คอมเมนท์ทรัพยากรรายการนี้
  คอมเมนท์: กินดี อยู่ดี แบบอ..


 Copyright 2026. Bcnsprnw @Library